Heine / (Record no. 178783)

MARC details
000 -LEADER
campo de control de longitud fija 01032nam a2200289 4500
001 - NÚMERO DE CONTROL
campo de control 178783
003 - IDENTIFICADOR DE NÚMERO DE CONTROL
campo de control ES-MaACL
005 - FECHA Y HORA DE LA ÚLTIMA TRANSACCIÓN
campo de control 20240129115652.0
008 - DATOS DE LONGITUD FIJA--INFORMACIÓN GENERAL
campo de control de longitud fija 110628s2000 sp ac o |||| |bspa d
020 ## - NÚMERO INTERNACIONAL ESTÁNDAR DEL LIBRO
Número Internacional Estándar del Libro 84-95418-04-5
080 ## - NÚMERO DE LA CLASIFICACIÓN DECIMAL UNIVERSAL
Número de la Clasificación Decimal Universal 929 Heine, Heinrich
100 1# - ENTRADA PRINCIPAL--NOMBRE DE PERSONA
Nombre de persona Aub, Max,
Fechas asociadas al nombre 1903-1972
9 (RLIN) 23783
245 10 - MENCIÓN DEL TÍTULO
Título Heine /
Mención de responsabilidad, etc. Max Aub ; introducción, edición y notas de Mercedes Figueras ; traducción al alemán y notas de Berit Balzer.
260 ## - PUBLICACIÓN, DISTRIBUCIÓN, ETC.
Lugar de publicación, distribución, etc. Segorbe (Castellón) :
Nombre del editor, distribuidor, etc. Fundación Max Aub,
Fecha de publicación, distribución, etc. [2000]
300 ## - DESCRIPCIÓN FÍSICA
Extensión 254 p. :
Otras características físicas il. ;
Dimensiones 18 x 15 cm.
490 1# - MENCIÓN DE SERIE
Mención de serie Biblioteca Max Aub ;
Designación de volumen o secuencia 8
500 ## - NOTA GENERAL
Nota general Cronología.
504 ## - NOTA DE BIBLIOGRAFÍA, ETC.
Nota de bibliografía, etc. Bibliografía: p. 237-242.
600 17 - PUNTO DE ACCESO ADICIONAL DE MATERIA--NOMBRE DE PERSONA
Nombre de persona Heine, Heinrich.
9 (RLIN) 62371
700 1# - ENTRADA AGREGADA--NOMBRE PERSONAL
Nombre de persona Figueras, Mercedes.
9 (RLIN) 50763
700 1# - ENTRADA AGREGADA--NOMBRE PERSONAL
Nombre de persona Balzer, Berit.
9 (RLIN) 147266
710 2# - ENTRADA AGREGADA--NOMBRE DE ENTIDAD CORPORATIVA
Nombre de entidad corporativa o nombre de jurisdicción como elemento de entrada Fundación Max Aub.
9 (RLIN) 4367
830 0# - PUNTO DE ACCESO ADICIONAL DE SERIE-TÍTULO UNIFORME
Título uniforme Biblioteca Max Aub ;
Designación de volumen o secuencia 8
9 (RLIN) 191028
852 ## - LOCALIZACIÓN
Ubicación ES-MaACL
Número de control de estantería A-11307
itemnumber 185644
Sublocalización o colección R.146707
Ubicación en estantería Depósito 1
Signatura antigua Olim: N-4311
942 ## - ELEMENTOS DE ENTRADA SECUNDARIOS (KOHA)
Fuente del sistema de clasificación o colocación Clasificación decimal universal
Tipo de ítem Koha Libro impreso
Holdings
Estatus retirado Estado de pérdida Fuente del sistema de clasificación o colocación Estado de daño No para préstamo Biblioteca de origen Biblioteca actual Ubicación en estantería Fecha de adquisición Fuente de adquisición Total de préstamos Signatura topográfica completa Código de barras Visto por última vez Precio de reemplazo Tipo de ítem Koha
    Clasificación decimal universal     Biblioteca del Ateneo de Madrid Biblioteca del Ateneo de Madrid Depósito 1 28/06/2011 Compra   A-11307 1187797 23/02/2023 23/02/2023 Libro impreso